000 00569nam a22002057a 4500
003 LK-CoMWRAF
005 20231218150742.0
008 231218b1997 |||||||| |||| 00| 0 eng d
020 _a0811498603
040 _aLK-CoMWRAF
_dLK-CoMWRAF
_eLK-CoMWRAF
041 _aeng
082 _a500
_bHOL
100 _aHolbrook, Anne M.
245 _aScience :
_binquiry and investigation
260 _aAustin:
_bSteck-Vaughn Berrent Publications,
_c1997
300 _a 92 p. : ill. ; 28 cm
650 _aScience -Problems, exercises,
700 _aWhite, Michael
942 _cBK
999 _c4528
_d4528